Equilibrium

En un régimen totalitario de una sociedad futura, se ha conseguido eliminar la guerra a base de suprimir todas las emociones: los libros, el arte y la música están estrictamente prohibidos, y los sentimientos se consideran crímenes que deben ser castigados con la muerte. Clerick John Preston (Christ...

Descripción completa

Guardado en:
Autor Principal: Wimmer, Kurt.
Autor Corporativo: Artisan Entertainment.
Otros Autores: Bale, Christian; Reparto., Watson, Emily; Reparto.
Formato: Deslizar
Idioma:Undetermined
Publicado: Estados Unidos : Miramax, 2002.
Materias:
Etiquetas: Agregar Etiqueta
Sin Etiquetas, Sea el primero en etiquetar este registro!
LEADER 01365ngm a22002295a 4500
001 CEM.cems020664
008 231116s2002####xx#---############vlund#d
005 20231116211250.0
245 1 0 |a Equilibrium  |h [videograbación] /  |c Kurt Wimmer. 
260 |a Estados Unidos :  |b Miramax,  |c 2002. 
300 |a 102'. 
520 |a En un régimen totalitario de una sociedad futura, se ha conseguido eliminar la guerra a base de suprimir todas las emociones: los libros, el arte y la música están estrictamente prohibidos, y los sentimientos se consideran crímenes que deben ser castigados con la muerte. Clerick John Preston (Christian Bale) es un agente del gobierno cuya misión consiste en ejecutar a quienes desobedezcan estas reglas; sin embargo, en un cierto momento, empieza a preguntarse cuáles son sus sentimientos y emociones y si merece la pena vivir sin ellos. 
590 |a Identificación anterior: 294 
538 |a Soporte: DVD -- Formato: AVI – Peso: 687mb -- Resolución: 512 x 208 -- 23.98fps 
500 |a Título original: Equilibrium – Idioma: Inglés – Subtítulos: Español. 
100 1 |a Wimmer, Kurt. 
700 1 |a Bale, Christian; Reparto. 
700 1 |a Watson, Emily; Reparto. 
710 2 |a Artisan Entertainment. 
653 |a FICCIÓN 
653 |a LARGOMETRAJE 
859 |a CEMS  |b BIB. CEMS - Depto. Recursos Didacticos  |h 778.5  |i KUR  |k DRD  |p 3235.23  |t Ej.1